[Event "Niedersachsen-ch op B"]
[Site "Verden"]
[Date "2019.01.03"]
[Round "1"]
[White "Grabowski, Petra"]
[Black "Brinkers, Niklas"]
[Result "0-1"]
[WhiteElo "1638"]
[BlackElo "1801"]
[PlyCount "114"]
[EventDate "2019.01.03"]
[EventType "swiss"]
[EventRounds "7"]
[EventCountry "GER"]
[SourceTitle "EXT 2022"]
[Source "ChessBase"]
[SourceDate "2021.10.06"]
[SourceVersion "1"]
[SourceVersionDate "2021.10.06"]
[SourceQuality "1"]

1. d4 f5 2. e3 Nf6 3. Nd2 e6 4. Bd3 d5 5. Ngf3 Bd6 6. c4 c6 7. h3 Ne4 8. 0-0 0-0 9. Ne5 Nd7 10. f4 Qh4 11. Qe1 Qh6 12. Ndf3 Be7 13. Bd2 Ndf6 14. Bb4 Bxb4 15. Qxb4 a5 16. Qe7 Qh5 17. Bxe4 dxe4 18. Ng5 Re8 19. Qf7+ Qxf7 20. Ngxf7 Bd7 21. Nd6 Reb8 22. c5 Be8 23. Rfc1 Nd5 24. Kf2 b6 25. Nxe8 Rxe8 26. cxb6 Rab8 27. Nxc6 Rxb6 28. b3 a4 29. Na5 axb3 30. Nxb3 Ra8 31. Rc5 Rxb3 32. axb3 Rxa1 33. g4 Ra2+ 34. Kg3 Nxe3 35. b4 Rg2+ 36. Kh4 fxg4 37. hxg4 Rxg4+ 38. Kh3 Rxf4 39. b5 Nd5 40. Rc6 e3 41. Rxe6 Rxd4 42. b6 Rb4 43. Re5 e2 44. Kg3 Nc3 45. Re3 Rxb6 46. Kf3 Rf6+ 47. Kg2 Kf7 48. Re5 Re6 49. Rf5+ Ke7 50. Ra5 e1Q 51. Ra7+ Kf6 52. Rd7 Re2+ 53. Kh3 Qh1+ 54. Kg4 Qg1+ 55. Kf4 Qf1+ 56. Kg4 Rg2+ 57. Kh3 Qh1# 0-1

[Event "Niedersachsen-ch op-B"]
[Site "Verden"]
[Date "2014.01.02"]
[Round "1"]
[White "Schulze, Lukas"]
[Black "Brinkers, Niklas"]
[Result "0-1"]
[WhiteElo "871"]
[BlackElo "1615"]
[PlyCount "63"]
[EventDate "2014.01.02"]
[EventType "swiss"]
[EventRounds "7"]
[EventCountry "GER"]
[SourceTitle "EXT 2016"]
[Source "ChessBase"]
[SourceDate "2015.10.08"]
[SourceVersion "1"]
[SourceVersionDate "2015.10.08"]
[SourceQuality "1"]

1. e4 c5 2. Nf3 d6 3. d4 cxd4 4. Nxd4 Nf6 5. Bg5 Nxe4 6. Bb5+ Bd7 7. Bxd7+ Nxd7 8. Qg4 Qa5+ 9. c3 Nxg5 10. Qxg5 Qxg5 11. 0-0 g6 12. f4 Qc5 13. b4 Qb6 14. Nd2 Bg7 15. N2f3 0-0 16. a4 a5 17. bxa5 Rxa5 18. Rfd1 e5 19. fxe5 dxe5 20. Nd2 exd4 21. Nc4 Qa7 22. Nxa5 Qxa5 23. cxd4 Nb6 24. Rab1 Qxa4 25. Ra1 Qxa1 26. Rxa1 Bxd4+ 27. Kf1 Bxa1 28. Ke2 Rc8 29. Kf3 Rc3+ 30. Ke4 f5+ 31. Kf4 Nd5+ 32. Ke5 0-1